| 000 | 01152nam a2200229Ia 4500 | ||
|---|---|---|---|
| 001 | L220-4375 | ||
| 003 | IT-CnALBA | ||
| 008 | 170116s9999||||xx |||||||||||||| ||und|| | ||
| 040 |
_aIT-CnALBA _cIT-CnALBA |
||
| 041 | _aITALIANO | ||
| 100 | _aGANDOLFO ANTONIO | ||
| 245 | 0 | _aIN SIRIA SULLE ORME DI ABRAMO E DI PAOLO. | |
| 250 | _a1a ed. | ||
| 260 |
_aMILANO _bPROPAGANDA LIBR. ISTITUTO, IPL. _c1985 [1° Ed.:1985 - Ed.Ling.Originale: 1985] |
||
| 300 | _a100 p. | ||
| 500 | _aGIOIA DELLA SCOPERTA. PRIMA DI ABRAMO. STORIA DELLA SIRIA ANTICA. IL DESERTO. VIA DI DAMASCO. CRISTIANESIMO SIRO. MONACHESIMO SIRO. CITTÀ DELLA SIRIA ANTICA. PRESENTAZIONE DI ZANOTTO NATALINO. ILLUSTRAZIONI IN QUADRICOMIA. | ||
| 501 | _aSocietà San Paolo EM - Piazza San Paolo, 14 - 12051 ALBA (CN) (non commercial uses only) ® Copyright 2017 | ||
| 520 | _aGIOIA DELLA SCOPERTA. PRIMA DI ABRAMO. STORIA DELLA SIRIA ANTICA. IL DESERTO. VIA DI DAMASCO. CRISTIANESIMO SIRO. MONACHESIMO SIRO. CITTÀ DELLA SIRIA ANTICA. PRESENTAZIONE DI ZANOTTO NATALINO. ILLUSTRAZIONI IN QUADRICOMIA. | ||
| 650 | _aBIBBIA - TESTI E COMMENTI | ||
| 942 | _cBK | ||
| 957 | _71 | ||
| 999 |
_a5353 _bNO _g Copie: 1 _c263561 _d263561 |
||